| Registos Bibliográficos associados ao registo de autoridade |
|
Etiqueta de registo: 00000nkm 2200025 450 001 2246787 003 http://id.bnportugal.gov.pt/bib/catbnp/2246787 100 ## $a20260114d1997 m y0pory01030103ba 101 0# $apor 102 ## $aPT 200 1# $a 28.º Sarau de Encerramento, Pavilhão de Desportos de Vila do Conde, 21 de junho
de 1997$bVisual gráfico]$fGinásio Clube Vilacondense 210 #9 $aVila do Conde$cGinásio Clube Vilacondense,$d1997$e[Vila do Conde]:$gTip. Minerva) 215 ## $a1 cartaz$ccolor.$d32,1x40,1 cm 675 ## $a766(=1:469)»199"(084.5)$vBN$zpor$31975740 710 02 $aSarau de Encerramento$d28,$eVila do Conde,$f1997$31977965 712 02 $aGinásio Clube Vilacondense$31576435 801 #0 $aPT$bBN$gRPC 966 ## $lBN$mICONOG$sCT. 11251 V.$x1 971 ## $cCatmusica8$d20260114 995 ## $aPRR2026 $d20260114$iCatmusica8
|
|
|